Introducción al trabajo de la investigación histórica: conocimiento, método e historia
Bewaard in:
| Hoofdauteur: | |
|---|---|
| Formaat: | Boek |
| Taal: | Spaans |
| Gepubliceerd in: |
Barcelona
Crítica
1989
|
| Editie: | 4a. ed |
| Reeks: | Estudios y Ensayos, 76
|
| Onderwerpen: | |
| Tags: |
Voeg label toe
Geen labels, Wees de eerste die dit record labelt!
|
MARC
| LEADER | 00000nam a2200000 a 4500 | ||
|---|---|---|---|
| 001 | UCP4414 | ||
| 003 | CL-VaPUC | ||
| 008 | 990730e19890000SP |||||||||||||||||spa|d | ||
| 082 | 0 | 4 | |a 907.2 |b CAR |2 21 |
| 100 | |a Cardoso, Ciro Flamarión |e author |9 481739 | ||
| 245 | 1 | 0 | |a Introducción al trabajo de la investigación histórica: conocimiento, método e historia |
| 250 | |a 4a. ed | ||
| 300 | |a 218 p | ||
| 942 | |c BK | ||
| 945 | |d 19990730 00:00:00 |a lriquelm | ||
| 260 | |a Barcelona |b Crítica |c 1989 | ||
| 650 | 0 | |a Historiografía |9 257871 | |
| 650 | 0 | |a Historia |9 255047 | |
| 650 | 0 | |a Metodología |9 256610 | |
| 583 | |a last modification |c 19990730 00:00:00 |k Rodrigo Vera | ||
| 490 | 0 | |a Estudios y Ensayos, 76 | |
| 999 | |c 282397 |d 282395 | ||
| 952 | |0 0 |1 0 |4 0 |6 907_200000000000000_CAR_1989 |7 0 |8 A |9 324079 |a BIBHIS |b BIBHIS |d 2019-11-20 |i 3086003 |l 3 |m 2 |o 907.2 CAR 1989 |p 3086003 |r 2025-01-20 |s 2023-08-14 |w 2019-11-20 |y BK |k HIS | ||